|
|
|
|
| LEADER |
00000nam0a2200000 4500 |
| 001 |
264969 |
| 005 |
20231101233859.0 |
| 035 |
|
|
|a (RuTPU)RU\TPU\book\287967
|
| 090 |
|
|
|a 264969
|
| 100 |
|
|
|a 20140623d1972 m y0rusy50 ca
|
| 101 |
0 |
|
|a rus
|
| 102 |
|
|
|a RU
|
| 105 |
|
|
|a a j 001zy
|
| 200 |
1 |
|
|a Краткий задачник по сопротивлению материалов
|f Н. К. Снитко
|
| 210 |
|
|
|a Ленинград
|c Изд-во ЛГУ
|d 1972
|
| 215 |
|
|
|a 72 с.
|c ил.
|
| 320 |
|
|
|a Библиогр.: с. 72.
|
| 606 |
1 |
|
|a Сопротивление материалов
|2 stltpush
|3 (RuTPU)RU\TPU\subj\55554
|9 73567
|
| 610 |
1 |
|
|a растяжение
|
| 610 |
1 |
|
|a сжатие
|
| 610 |
1 |
|
|a брус
|
| 610 |
1 |
|
|a сдвиг
|
| 610 |
1 |
|
|a кручение
|
| 610 |
1 |
|
|a напряженное состояние
|
| 610 |
1 |
|
|a прочность
|
| 610 |
1 |
|
|a оболочки
|
| 610 |
1 |
|
|a безмоментная теория
|
| 610 |
1 |
|
|a балки
|
| 610 |
1 |
|
|a поперечный изгиб
|
| 610 |
1 |
|
|a расчет
|
| 610 |
1 |
|
|a задачи
|
| 610 |
1 |
|
|a решения
|
| 610 |
1 |
|
|a учебные пособия
|
| 675 |
|
|
|a 620.1:539.3(076)
|v 3
|
| 700 |
|
1 |
|a Снитко
|b Н. К.
|g Николай Константинович
|
| 801 |
|
1 |
|a RU
|b 63413507
|c 20140623
|
| 801 |
|
2 |
|a RU
|b 63413507
|c 20220825
|g RCR
|
| 942 |
|
|
|c BK
|